000 01350nam a22002417a 4500
003 NALT
005 20211130103745.0
008 s2547 th tha d
040 _aNALT
041 _atha
050 _aS 494.5.S86
_bศ814ก 2547
110 0 _aศูนย์มานุษยวิทยาสิรินธร
245 1 0 _aการเมืองวัฒนธรรมว่าด้วยความรู้ /
_cศูนย์มานุษยวิทยาสิรินธร
260 3 _aกรุงเทพฯ :
_bสำนักงานกองทุนสนับสนุนการวิจัย,
_c2547
300 _a1 เล่ม ;
_b29 ซม.
610 _aศูนย์มานุษยวิทยาสิรินธร (องค์การมหาชน)
650 0 4 _aการจัดการน้ำ -- ชุมชน -- วิจัย
650 0 4 _aน้ำ -- การจัดการ -- วิจัย
650 0 4 _aเกษตรกรรมแบบยั่งยืน -- วิจัย
650 0 4 _aเกษตรกรรมแบบยั่งยืน -- วิจัยน้ำ -- การจัดการ -- วิจัยการจัดการน้ำ -- ชุมชน -- วิจัย
850 _aNALT
942 _cGB
_2lcc
999 _c44107
_d44107
998 _j109
_k อารีรัตน์ วิชาช่าง